Rethinking development in Africa in the 21st century : (Record no. 12550)
[ view plain ]
| 000 -LEADER | |
|---|---|
| fixed length control field | 00881cam a22002412 4500 |
| 001 - CONTROL NUMBER | |
| control field | 0000001464 |
| 005 - DATE AND TIME OF LATEST TRANSACTION | |
| control field | 20151217155809.0 |
| 008 - FIXED-LENGTH DATA ELEMENTS--GENERAL INFORMATION | |
| fixed length control field | 070312s xx 000 0 eng d |
| 020 ## - INTERNATIONAL STANDARD BOOK NUMBER | |
| International Standard Book Number | 9966251715 : |
| 040 ## - CATALOGING SOURCE | |
| Original cataloging agency | KABU |
| Transcribing agency | KABU |
| 050 #0 - LIBRARY OF CONGRESS CALL NUMBER | |
| Classification number | HC865 |
| Item number | .M83 |
| 100 1# - MAIN ENTRY--PERSONAL NAME | |
| Personal name | Mudavadi, Musalia, |
| Dates associated with a name | 1960-. |
| -- | 0000150243 |
| 245 10 - TITLE STATEMENT | |
| Title | Rethinking development in Africa in the 21st century : |
| Remainder of title | the Case study of Kenya / |
| Statement of responsibility, etc. | Musalia Mudavadi. |
| 260 ## - PUBLICATION, DISTRIBUTION, ETC. (IMPRINT) | |
| Place of publication, distribution, etc. | Nairobi : |
| Name of publisher, distributor, etc. | East Africa Educational Publishers, |
| Date of publication, distribution, etc. | 2002. |
| 300 ## - PHYSICAL DESCRIPTION | |
| Extent | 156 p. ; |
| Dimensions | 23 cm. |
| 504 ## - BIBLIOGRAPHY, ETC. NOTE | |
| Bibliography, etc | Includes bibliographical references (p.144-147) and index. |
| 650 #0 - SUBJECT ADDED ENTRY--TOPICAL TERM | |
| Topical term or geographic name as entry element | Sustainable development |
| General subdivision | Kenya. |
| -- | 0000150244 |
| 651 #0 - SUBJECT ADDED ENTRY--GEOGRAPHIC NAME | |
| Geographic name | Kenya |
| General subdivision | Economics conditions |
| Chronological subdivision | 1963-. |
| -- | 0000150245 |
| 651 #0 - SUBJECT ADDED ENTRY--GEOGRAPHIC NAME | |
| Geographic name | Kenya |
| General subdivision | Social conditions |
| Chronological subdivision | 1963-. |
| -- | 0000150246 |
| 908 ## - PUT COMMAND PARAMETER (RLIN) | |
| Put command parameter | 070312 |
| 950 ## - LOCAL HOLDINGS (RLIN) | |
| -- | 1 |
| Withdrawn status | Lost status | Source of classification or shelving scheme | Not for loan | Home library | Current library | Date acquired | Total Checkouts | Full call number | Barcode | Date last seen | Date last checked out | Price effective from | Koha item type |
|---|---|---|---|---|---|---|---|---|---|---|---|---|---|
| Library of Congress Classification | Kabarak, Main Campus | Kabarak, Main Campus | 17/12/2015 | 1 | HC865 .M83 | 001339 | 19/07/2017 | 11/07/2017 | 17/12/2015 | Africana Collection |